000 00375nam a2200145Ia 4500
005 20251222152035.0
008 251222s9999||||xx |||||||||||||| ||spa||
020 _a9681853695
082 _a631.52/P73
100 _aPoehlman, John MiltonAllen Sleper, David
245 0 _aMejoramiento genético de las cosechas
250 _a2a.ed.
264 _bLIMUSA, S.A.
942 _cLIB
999 _c25824
_d25824